La Sentencia económica, líneas generales del plan económico 1987
Wedi'i Gadw mewn:
| Fformat: | Texto |
|---|---|
| Tagiau: |
Ychwanegu Tag
Dim Tagiau, Byddwch y cyntaf i dagio'r cofnod hwn!
|
MARC
| LEADER | 00000 a a2200000 04500 | ||
|---|---|---|---|
| 001 | 17494 | ||
| 003 | |||
| 040 | |||
| 245 | |a La Sentencia económica, líneas generales del plan económico 1987 | ||
| 773 | |g número 90; páginas 9-10 | ||
| 999 | |c 32195 |d 32195 | ||
